| 000 | 00762nam a2200241 a 4500 | ||
|---|---|---|---|
| 001 | 000047567 | ||
| 003 | DO-SdBNP | ||
| 005 | 20240226140810.0 | ||
| 007 | ta | ||
| 008 | 130708s2017 dr 000 0 spa d | ||
| 020 | _a9789945168433 | ||
| 040 |
_aDO-SdBNP _bspa _cBNPHU |
||
| 082 | 4 |
_bD919 _222 |
|
| 100 | 1 |
_aDunker L., José, _d1943- _91027 |
|
| 245 | 1 | 0 |
_aJesús, el radical : _bpor un retorno al cristianismo primitivo / _cJosé Dunker L. ; prólogo Samuel Luna. |
| 260 |
_aSanto Domingo : _bBúho, _c2017. |
||
| 300 |
_a176 p. ; _c23 cm. |
||
| 500 | _aIncluye datos biografícos del autor en la contracubierta. | ||
| 504 | _aBibliografía : p.169-176 | ||
| 590 | _aInventariado, 2018/ YL | ||
| 700 | 1 |
_aLuna, Samuel, _eprol. _975214 |
|
| 942 |
_2ddc _cLBS1 |
||
| 999 |
_c47055 _d47055 |
||